LEADER 00748oam 2200217z- 450 001 996280223803316 010 $a1-4799-1802-4 035 $a(CKB)3780000000083526 035 $a(EXLCZ)993780000000083526 100 $a20220628c2015uuuu -u- - 101 0 $aeng 200 00$aTechnologies for Sustainability (SusTech), 2015 IEEE Conference on 210 $cIEEE 311 $a1-4799-1803-2 517 $a2015 IEEE Conference on Technologies for Sustainability 517 $a2015 IEEE Conference on Technologies for Sustainability (SusTech) 517 $aTechnologies for Sustainability 906 $aPROCEEDING 912 $a996280223803316 996 $aTechnologies for Sustainability (SusTech), 2015 IEEE Conference on$92545113 997 $aUNISA LEADER 00948cam0 2200265 450 001 E600200009516 005 20230619062927.0 100 $a20050421d2001 |||||ita|0103 ba 101 $aita 102 $aIT 200 1 $aBeni culturali$eMateriali lapidei naturali ed artificiali$c: Metodologia per l'irraggiamento con luce solare artificiale$fUNI 210 $aMilano$cUNI$d2001 215 $aIV,4 p.$d30 cm 225 2 $aNorma Italiana$v10925 410 1$1001LAEC00021078$12001 $a*Norma Italiana$v10925 712 02$a*Ente Nazionale Italiano di Unificazione$3A600200030378$4070 801 0$aIT$bUNISOB$c20230619$gRICA 850 $aUNISOB 852 $aUNISOB$j700|Opusc$m125526 912 $aE600200009516 940 $aM 102 Monografia moderna SBN 941 $aM 957 $a700|Opusc$b000156$gSi$d125526$racquisto$1catenacci$2UNISOB$3UNISOB$420050421082349.0$520191204130116.0$6Spinosa 996 $aBeni culturali$961916 997 $aUNISOB